LEADER 00458nab a2200133 i 4500 001 000000328767 003 CaOOAMICUS 005 20180831173607.0 008 180831n it uu u0 0ita r 013 $a40391 040 $aSeMil$bita 245 10$aQuadriennio Teologico. - In [rubrica] :$bNotizie dai Seminari. 773 0 $t[FEBBRAIO 1993]. - 32 p.$gp.14$w()291368 996 $6245$aQuadriennio Teologico. - In [rubrica] :$bNotizie dai Seminari.$9(OLS)http://semarc/title/416156 LEADER 00843nam a2200193 i 4500 001 000000214863 003 CaOOAMICUS 005 20120806000000.0 008 120806s1928 it u000 u ger u 013 $a193735 040 $aSeMil$bita 245 10$aLateinische Grammatik :$bLaut- und Formlehre, Syntax und Stilistik /$cStolz-Schmalz. 250 $ain 5. Aufl. völlig neu bearbeitet. 300 $aXXII, 924 p. 650 4$aLingua latina - Grammatica.$0(OLS)http://semarc/subject/4276 773 0 $tHandbuch der klassischen Altertums-Wissenschaft.$dMünchen : C. H. Beck'sche Verlagsbuchhandlung, 1886.$gBd.2$w()27185 850 $aSeMil 852 $aSeMil$W1$xVenegono$y1$m1Y IV 47 FA$j165284$B165284$CSeMilBibl$Z2$F176283 $8I 996 $6245$aLateinische Grammatik :$bLaut- und Formlehre, Syntax und Stilistik$9(OLS)http://semarc/title/309502